00496nam a2200181 a 4500001001300000003000900013005001700022008004100039020002300080082001300103100001900116245004900135260004400184300000900228500003500237650002300272700001900295nice12345678IN_TiNIC20260116014524.0100315s2008 usaa grp 000 0 eng  a9788230004715c30000a190bGAL aGaltung, Johan a50 Years 25 Intellectual Landscapes Explored aUSA bTranscend University Press c2008 a250p aincludes index and biblioraphy aPhilosophy-Western1 aGaltung, Johan